000 00621nam a22002057a 4500
008 151022b xxu||||| |||| 00| 0 eng d
020 _a0131934686
041 0 _aeng
080 _a7.03
100 1 _aJanson, H. W.
245 1 0 _aJanson's history of art :
_cPenelope J.E. Davies ... [et al.].
246 3 0 _aHistory of art
250 _a7th ed.
260 _aUpper Saddle River, N.J. :
_bPearson Prentice Hall,
_c2007.
300 _a2 v. (various pagings) :
_bme il.;
_c30 cm.
650 0 _aHistoria e artit
700 1 _aDavies, Penelope J. E.,
700 1 _aJanson, H. W.
942 _2udc
_cBK
999 _c1338
_d1338